[Event "GER-chT U10"]
[Site "Magdeburg"]
[Date "2016.12.28"]
[Round "5.3"]
[White "Mikulasch, Nicole"]
[Black "Widderich, Jan Ole"]
[Result "1/2-1/2"]
[WhiteElo "880"]
[BlackElo "600"]
[PlyCount "44"]
[EventDate "2016.12.27"]
[EventType "team-swiss"]
[EventRounds "7"]
[EventCountry "GER"]
[SourceTitle "EXT 2018"]
[Source "ChessBase"]
[SourceDate "2017.10.13"]
[SourceVersion "1"]
[SourceVersionDate "2017.10.13"]
[SourceQuality "1"]
[WhiteTeam "Heng Postbauer"]
[BlackTeam "Luebeck"]
[WhiteTeamCountry "GER"]
[BlackTeamCountry "GER"]

1. b3 e5 2. Bb2 Nc6 3. e3 d5 4. Nf3 Nf6 5. Bb5 a6 6. Bxc6+ bxc6 7. 0-0 Bc5 8. Nxe5 Qd6 9. h3 d4 10. Nd3 Rb8 11. Nf4 Qe5 12. Qf3 Bd6 13. Bxd4 Qg5 14. Qxc6+ Bd7 15. Qf3 0-0 16. Ba7 Ra8 17. Bd4 Rfe8 18. Bxf6 gxf6 19. Nd5 Qe5 20. g3 Qxa1 21. Nxf6+ Kg7 22. Nxe8+ Rxe8 1/2-1/2

[Event "GER-chT U10"]
[Site "Magdeburg"]
[Date "2016.12.28"]
[Round "3.4"]
[White "Widderich, Jan Ole"]
[Black "Varykhalov, Roman"]
[Result "1-0"]
[WhiteElo "600"]
[BlackElo "803"]
[PlyCount "43"]
[EventDate "2016.12.27"]
[EventType "team-swiss"]
[EventRounds "7"]
[EventCountry "GER"]
[SourceTitle "EXT 2018"]
[Source "ChessBase"]
[SourceDate "2017.10.13"]
[SourceVersion "1"]
[SourceVersionDate "2017.10.13"]
[SourceQuality "1"]
[WhiteTeam "Luebeck"]
[BlackTeam "Kreuzberg"]
[WhiteTeamCountry "GER"]
[BlackTeamCountry "GER"]

1. e4 e5 2. Nf3 Nc6 3. Bc4 Bc5 4. Nc3 d6 5. d3 Bg4 6. h3 Bxf3 7. Qxf3 Nf6 8. Bg5 Qe7 9. Nd5 Nd4 10. Qd1 Qd8 11. c3 Ne6 12. Bh4 0-0 13. Nxf6+ gxf6 14. Qg4+ Kh8 15. Qf5 Kg7 16. Rg1 Nf4 17. g3 Ne6 18. g4 Nf4 19. g5 Qe8 20. gxf6+ Kh8 21. Rg7 b6 22. Qxh7# 1-0